| 000 | 00849nas a22001817a 4500 | ||
|---|---|---|---|
| 999 |
_c1301 _d1301 |
||
| 008 | 130405t20019999ag ||||| |||| 00| 0 spa d | ||
| 022 | _a1667-8982 | ||
| 245 | _aSalud (i) Ciencia | ||
| 260 |
_aBuenos Aires, _bSociedad Iberoamericana de Informacion Cientifica: _c2001 |
||
| 300 | _av. : | ||
| 310 | _abimestral | ||
| 546 | _aespañol | ||
| 590 | _aIndizada en: EMBASE, Elsevier Bibliograhic Databases, Science Citation Index Expanded, LILACS, Latindex, Ullrich's Periodical Directory, SIIC Data Bases Año 2001 al 2009 BAJA EN DEPOSITO | ||
| 590 | _aExistencias: 2001 911(1,3); 2005 13(2,4); 2006 14(15) 15(1); 2007 15(3,7); 2008 15(8) 16(1-4); 2009 16(6,7) 17(2,3); 2010 17(4-8) 18(1); 2012 18(8) 19(1,2,4,5) Año 2001 al 2009 BAJA EN DEPOSITO | ||
| 650 |
_aMEDICINA INTERNA _91738 |
||
| 856 | _uhttp://www.siicsalud.com | ||
| 942 |
_2ddc _cCR |
||